000 00582nam a2200229Ia 4500
003 OSt
005 20220918200819.0
006 a|||||r|||| 00| 0
007 ta
008 220917b |||||||| |||| 00| 0 eng d
024 _a90,387
037 _cTextual
040 _aARTS
_cARTS
_beng
041 _2eng
_aeng
082 _aU8:5xM61, K2
100 _aTagore Rabindranath
245 0 _aDiary of a westward voyage tr by Indu Dutt
260 _c1962
650 _aGEOGRAPHY
942 _hU8:5xM61, K2
_cTEXL
_2CC
999 _c214052
_d214052